书目信息 |
| 题名: |
政治经济学
|
|
| 作者: | ;国家教委社科司组 编 | |
| 分册: | ||
| 出版信息: | 北京 中国经济出版社 1993.08 |
|
| 页数: | 429页 | |
| 开本: | 20cm | |
| 丛书名: | ||
| 单 册: | ||
| 中图分类: | F03 | |
| 科图分类: | ||
| 主题词: | 资本主义社会--生产方式 | |
| 电子资源: | ||
| ISBN: | 7-5017-2378-8 | |
| 000 | 00770nam0 2200229 450 | |
| 001 | 0779922171 | |
| 005 | 20071212221322.37 | |
| 010 | @a7-5017-2378-8@dCNY23.00 | |
| 100 | @a20071212d1993 km y0chiy0120 ea | |
| 101 | 0 | @achi |
| 102 | @aCN@b110000 | |
| 200 | 1 | @a政治经济学@Azheng zhi jing ji xue@e资本主义部分@f国家教委社科司组编@Fguo jia jiao wei she ke si zu bian |
| 210 | @a北京@c中国经济出版社@d1993.08 | |
| 215 | @a429页@d20cm | |
| 300 | @a国家教委推荐 高等学校财经类专业核心课程教材 | |
| 517 | 1 | @a资本主义部分@Azi ben zhu yi bu fen |
| 606 | 0 | @a资本主义社会@x生产方式 |
| 690 | @aF03@v4 | |
| 711 | 02 | @a国家教委社科司组@Aguo jia jiao wei she ke si zu@4编 |
| 801 | 0 | @aCN@b大连网信软件有限公司图书馆@c20071212 |
| 905 | @aBZT@dF03@e1 | |
| 906 | @dCNY23.00@n0@r1 | |
| 政治经济学:资本主义部分/国家教委社科司组编.-北京:中国经济出版社,1993.08 |
| 429页;20cm |
| 国家教委推荐 高等学校财经类专业核心课程教材 |
| ISBN 7-5017-2378-8:CNY23.00 |
| ● |
| 相关链接 |
|
|
|
正题名:政治经济学
索取号:F03/1
 
预约/预借
| 序号 | 登录号 | 条形码 | 馆藏地/架位号 | 状态 | 备注 |
| 1 | 608400 | 2000608400 | 中心书库北库/ 北库006架A面4列6层40/ [索取号:F03/1] | 在馆 | |
| 2 | 608401 | 2000608401 | 中心书库北库/ 北库006架A面4列6层41/ [索取号:F03/1] | 在馆 | |
| 3 | 608402 | 2000608402 | 中心书库北库/ 北库006架A面1列4层16/ [索取号:F03/1] | 在馆 | |
| 4 | 608403 | 2000608403 | 中心书库北库/ 北库006架A面4列6层35/ [索取号:F03/1] | 在馆 | |
| 5 | 608404 | 2000608404 | 中心书库北库/ 北库006架A面4列6层42/ [索取号:F03/1] | 在馆 | |
| 6 | 608405 | 2000608405 | 中心书库北库/ 北库006架A面4列6层39/ [索取号:F03/1] | 在馆 | |
| 7 | 608406 | 2000608406 | 中心书库北库/ 北库006架A面4列6层37/ [索取号:F03/1] | 在馆 | |
| 8 | 608407 | 2000608407 | 中心书库北库/ 北库006架A面4列6层36/ [索取号:F03/1] | 在馆 | |
| 9 | 608408 | 2000608408 | 中心书库北库/ 北库006架A面5列1层16/ [索取号:F03/1] | 在馆 | |
| 10 | 608409 | 2000608409 | 中心书库北库/ 北库006架A面4列6层38/ [索取号:F03/1] | 在馆 |